|
|
|
|
| LEADER |
01979nam a2200325 a 4500 |
| 001 |
18135 |
| 003 |
BD-DhAAL |
| 008 |
100308s1987 maua b 001 0 eng d |
| 020 |
|
|
|a 0201163500 :
|c $40.00 (est.)
|
| 040 |
|
|
|a DLC
|c DLC
|d DLC
|d BD-DhAAL
|
| 082 |
0 |
0 |
|a 621.38043
|2 19
|
| 100 |
1 |
|
|a Roberts, Richard A.,
|d 1935-
|9 57583
|
| 245 |
1 |
0 |
|a Digital signal processing /
|c Richard A. Roberts, Clifford T. Mullis.
|
| 260 |
|
|
|a Reading, Mass. :
|b Addison-Wesley,
|c c1987.
|
| 300 |
|
|
|a xiv, 578 p. :
|b ill. ;
|c 24 cm.
|
| 490 |
0 |
|
|a Addison-Wesley series in electrical engineering
|
| 504 |
|
|
|a Includes bibliographical references (pages 559-565) and index.
|
| 504 |
|
|
|a "Suggested readings:" p. 567-570.
|
| 526 |
|
|
|a MNS
|x Mahabobe Shobahani
Faculty Member of BRAC University
Course name : Digital Signal Processing (ECE 328)
|
| 541 |
1 |
|
|e 18135, 19859
|a D. S. Books International
|
| 650 |
|
0 |
|a Signal processing
|x Digital techniques.
|
| 700 |
1 |
|
|a Mullis, Clifford T.,
|d 1943-
|9 57584
|
| 830 |
|
|
|a Addison-Wesley series in electrical engineering
|9 57585
|
| 852 |
4 |
|
|a Ayesha Abed Library
|c General Stacks
|
| 942 |
|
|
|2 ddc
|c BK
|
| 999 |
|
|
|c 7721
|d 7721
|
| 952 |
|
|
|0 0
|1 0
|2 ddc
|4 0
|6 621_380430000000000_ROB_1987
|7 0
|9 8480
|a BRACUL
|b BRACUL
|c GEN
|d 2010-03-08
|l 1
|m 18
|o 621.38043 ROB
|p 3010019859
|r 2016-04-07
|s 2015-12-15
|t 1
|w 2010-03-08
|y BK
|
| 952 |
|
|
|0 0
|1 0
|2 ddc
|4 0
|6 621_380430000000000_ROB_1987
|7 0
|9 10715
|a BRACUL
|b BRACUL
|c GEN
|d 2010-06-07
|l 3
|m 21
|o 621.38043 ROB
|p 3010018621
|r 2026-01-13
|s 2025-10-27
|t 3
|w 2010-06-07
|y BK
|
| 952 |
|
|
|0 0
|1 4
|2 ddc
|4 0
|6 621_380430000000000_ROB
|7 0
|9 10725
|a BRACUL
|b BRACUL
|c GEN
|d 2010-06-08
|e D. S. Books International
|l 0
|o 621.38043 ROB
|p 3010018135
|r 2010-06-08
|t 4
|w 2010-06-08
|y BK
|x Koha Inventory 2020 ; Requisitioned by Mahabobe Shobahani for the course named- "Digital Signal Processing (ECE 328) ; USD 98.00
|
| 952 |
|
|
|0 0
|1 0
|2 ddc
|4 0
|6 621_380430000000000_ROB_1987
|7 0
|9 18108
|a BRACUL
|b BRACUL
|c GEN
|d 2011-09-19
|l 1
|m 17
|o 621.38043 ROB
|p 3010019860
|r 2025-03-06
|s 2024-10-31
|t 2
|w 2011-09-19
|y BK
|